Finančné hospodárenie národných výborov
Guardado en:
| Autor principal: | |
|---|---|
| Formato: | Libro |
| Lenguaje: | eslovaco |
| Publicado: |
Bratislava
Vyd. SAV
1968
|
| Etiquetas: |
Sin Etiquetas, Sea el primero en etiquetar este registro!
|
MARC
| LEADER | 00000nam a2200000 4500 | ||
|---|---|---|---|
| 001 | c122087 | ||
| 005 | 20041019155224.3 | ||
| 041 | 0 | |a slo | |
| 044 | |a SK | ||
| 245 | 1 | 0 | |a Finančné hospodárenie národných výborov |c Jordan Girášek |
| 264 | 1 | |a Bratislava |b Vyd. SAV |c 1968 | |
| 300 | |a 262 s. | ||
| 100 | 1 | |a Girášek, Jordan | |